| 000 | 00472nam a22001577a 4500 | ||
|---|---|---|---|
| 005 | 20251108164049.0 | ||
| 008 | 250721s1990 xx 000 0 ara d | ||
| 082 | 1 | 4 | _a001.94/حقا |
| 245 | 1 | 0 | _aحقائق علميه أغرب من الخيال / |
| 264 | 1 |
_aدمشق : _bدار الرشيد، _c1990. |
|
| 300 | _a125ص. : مصور | ||
| 650 | 1 | 7 | _aعجائب و غرائب |
| 710 | 2 |
_aدار الرشيد _eتأليف و ترجمه |
|
| 942 |
_2ddc _cBK |
||
| 999 |
_c2686 _d2686 |
||